<?xml version="1.0" encoding="UTF-8"?>
<marc:record xmlns:marc="http://www.loc.gov/MARC21/slim">
   <marc:leader>00000nam a2200000 a 4500</marc:leader>
   <marc:datafield ind1="1" ind2=" " tag="100">
      <marc:subfield code="a">Zainzinger, Manfred</marc:subfield>
      <marc:subfield code="4">aut</marc:subfield>
      <marc:subfield code="e">Verfasser/-in</marc:subfield>
   </marc:datafield>
   <marc:datafield ind1="1" ind2=" " tag="100">
      <marc:subfield code="a">Knoll, Sabine</marc:subfield>
      <marc:subfield code="4">aut</marc:subfield>
      <marc:subfield code="e">Verfasser/-in</marc:subfield>
   </marc:datafield>
   <marc:datafield ind1=" " ind2=" " tag="653">
      <marc:subfield code="a">Osteopathie</marc:subfield>
   </marc:datafield>
   <marc:datafield ind1=" " ind2=" " tag="653">
      <marc:subfield code="a">Muskelenergietechnik</marc:subfield>
   </marc:datafield>
   <marc:datafield ind1=" " ind2=" " tag="653">
      <marc:subfield code="a">Softcover</marc:subfield>
   </marc:datafield>
   <marc:datafield ind1=" " ind2=" " tag="653">
      <marc:subfield code="a">Karte</marc:subfield>
   </marc:datafield>
   <marc:datafield ind1=" " ind2=" " tag="653">
      <marc:subfield code="a">Körperpflege / Fitness</marc:subfield>
   </marc:datafield>
   <marc:datafield ind1=" " ind2=" " tag="653">
      <marc:subfield code="a">Gymnastik</marc:subfield>
   </marc:datafield>
   <marc:datafield ind1=" " ind2=" " tag="653">
      <marc:subfield code="a">Bodybuilding</marc:subfield>
   </marc:datafield>
   <marc:datafield ind1=" " ind2=" " tag="653">
      <marc:subfield code="a">Ratgeber</marc:subfield>
   </marc:datafield>
   <marc:datafield ind1="0" ind2="0" tag="245">
      <marc:subfield code="a">Die Original-BOWTECH-Methode</marc:subfield>
   </marc:datafield>
   <marc:datafield ind1="0" ind2="0" tag="245">
      <marc:subfield code="b">sanfte Griffe für Gesundheit und Wohlbefinden ; schnelle Hilfe bei Verspannungen, Schmerzen und für einen besseren Heilungsprozess</marc:subfield>
   </marc:datafield>
   <marc:datafield ind1="0" ind2="0" tag="245">
      <marc:subfield code="c">Manfred Zainzinger ; Sabine Knoll</marc:subfield>
   </marc:datafield>
   <marc:datafield ind1=" " ind2="1" tag="264">
      <marc:subfield code="a">München</marc:subfield>
      <marc:subfield code="b">Südwest</marc:subfield>
      <marc:subfield code="c">2005</marc:subfield>
   </marc:datafield>
   <marc:datafield ind1="1" ind2=" " tag="520">
      <marc:subfield code="a">Angaben aus der Verlagsmeldung

Die original BOWTECH-Methode : Sanfte Griffe für Gesundheit und Wohlbefinden. Bei Verspannungen, Schmerzen und für einen besseren Heilungsprozess / von Manfred Zainzinger, Sabine Knoll

Sanfte Griffe, starke Wirkung ((head))
Mit der BOWTECH (R)-Methode wird durch sanfte Berührungen und vorgegebene Griffabfolgen das Immunsystem angeregt und Schwachstellen so vom Körper selbst behoben. Ob bei Asthma, Migräne, Allergien Rückenschmerzen oder Darmbeschwerden, aber auch bei Verletzungen oder zur besseren Wundheilung - mit der revolutionären Bowen Technik lassen sich sensationelle Ergebnisse erzielen.

* Zahreiche Abbildungen und detaillierte Schritt-für-Schritt-Anleitungen.
* Mit der BOWEN (R)-Methode die Selbstheilungskräfte des Körpers aktivieren - schmerzfrei und nachhaltig.
* Die revolutionäre Methode aus Australien unterstütze ganze Footballmannschaften - jetzt gibt es sie endlich auch bei uns: Mit Adressteil und Therapeutenüberblick für den deutschsprachigen Raum.
</marc:subfield>
   </marc:datafield>
   <marc:datafield ind1=" " ind2=" " tag="020">
      <marc:subfield code="a">9783517069074</marc:subfield>
      <marc:subfield code="9">9783517069074</marc:subfield>
   </marc:datafield>
   <marc:datafield ind1=" " ind2=" " tag="020">
      <marc:subfield code="a">3517069078</marc:subfield>
      <marc:subfield code="9">3517069078</marc:subfield>
   </marc:datafield>
   <marc:datafield ind1=" " ind2=" " tag="041">
      <marc:subfield code="a">ger</marc:subfield>
   </marc:datafield>
   <marc:datafield ind1=" " ind2=" " tag="300">
      <marc:subfield code="a">112 S.</marc:subfield>
   </marc:datafield>
</marc:record>
